| 000 | 01044cam a2200313 a 4500 | ||
|---|---|---|---|
| 999 |
_c234374 _d234374 |
||
| 001 | 15689331 | ||
| 003 | Nust | ||
| 005 | 20170320103616.0 | ||
| 008 | 090406r20082007enkb 000 1 eng d | ||
| 010 | _a 2009290743 | ||
| 015 |
_aGBA781436 _2bnb |
||
| 016 | 7 |
_a014056994 _2Uk |
|
| 020 | _a9780349119328 (pbk.) | ||
| 035 | _a(OCoLC)ocn174129753 | ||
| 040 |
_aUKM _cUKM _dBTCTA _dBAKER _dOCLCG _dORX _dDLC |
||
| 042 | _alccopycat | ||
| 043 | _aa-ii--- | ||
| 050 | 0 | 0 |
_aPR6068.A8 _bM88 2008 |
| 082 | 0 | 0 |
_a823.914 _bRAT |
| 100 | 1 |
_aRathbone, Julian, _d1935-2008. |
|
| 245 | 1 | 4 |
_aThe mutiny : _ba novel / _cJulian Rathbone. |
| 260 |
_aLondon : _bAbacus, _c2008. |
||
| 300 |
_axii, 447 p. : _bmap ; _c20 cm. |
||
| 650 | 0 |
_aBritish _zIndia _vFiction. |
|
| 650 | 0 |
_aSecret service _vFiction. |
|
| 651 | 0 |
_aIndia _xHistory _ySepoy Rebellion, 1857-1858 _vFiction. |
|
| 655 | 7 |
_aHistorical fiction. _2gsafd |
|
| 906 |
_a7 _bcbc _ccopycat _d2 _encip _f20 _gy-gencatlg |
||
| 942 |
_2ddc _cBK |
||